[Event "NB II. Erkel csoport"]
[Site "Budapest"]
[Date "2024.04.07"]
[Round "7.4"]
[White "Feher, Tamas"]
[Black "Sillye, Kalman"]
[Result "1-0"]
[WhiteElo "2086"]
[BlackElo "2035"]
[PlyCount "173"]
[EventDate "2023.10.08"]
[EventType "team-tourn"]
[EventRounds "9"]
[EventCountry "HUN"]
[Source "chess.hu"]
[WhiteTeam "HUSI SC"]
[BlackTeam "Godolloi SBE"]
[WhiteTeamCountry "HUN"]
[BlackTeamCountry "HUN"]

1. e4 c5 2. c3 d5 3. exd5 Qxd5 4. d4 cxd4 5. cxd4 Nc6 6. Nf3 Bg4 7. Nc3 Bxf3 8.
gxf3 Qxd4 9. Qxd4 Nxd4 10. Nb5 Nc2+ 11. Kd1 Nxa1 12. Nc7+ Kd7 13. Nxa8 g6 14.
Be3 Bh6 15. Bb5+ Kd6 16. Bxa7 Nf6 17. Nb6 Rd8 18. Ke2 Nc2 19. Nc4+ Ke6 20. Ne3
Nxe3 21. fxe3 Rc8 22. Ba4 b5 23. Bxb5 Rc2+ 24. Kd3 Rxb2 25. Bc4+ Nd5 26. Bd4
Rg2 27. Rb1 Kd6 28. Bxd5 Kxd5 29. Rb6 Bxe3 30. Rb5+ Kc6 31. Rc5+ Kd6 32. Bxe3
Rxa2 33. Rc2 Ra3+ 34. Ke2 Ra5 35. Kf2 e5 36. Rb2 Ke6 37. Rb6+ Kf5 38. Rb7 Ke6
39. Rb6+ Kf5 40. h4 e4 41. Bg5 exf3 42. Rf6+ Ke4 43. Rf4+ Ke5 44. Rxf7 Ke4 45.
Re7+ Kf5 46. Rf7+ Ke4 47. Rf4+ Ke5 48. Rxf3 Ra4 49. Kg3 Ra7 50. Re3+ Kf5 51.
Re7 Ra3+ 52. Re3 Ra7 53. Rf3+ Ke5 54. Bf4+ Ke6 55. Kg4 Ra5 56. Rb3 h5+ 57. Kg3
Kf5 58. Bg5 Ra6 59. Kf3 Rc6 60. Rb4 Rc5 61. Rf4+ Ke5 62. Rf6 Rc3+ 63. Kg2 Rc2+
64. Kf1 Ke4 65. Rf4+ Ke5 66. Rf6 Ke4 67. Rxg6 Kf3 68. Rf6+ Kg3 69. Re6 Rf2+ 70.
Ke1 Ra2 71. Re3+ Kg4 72. Re2 Ra3 73. Re4+ Kf3 74. Rf4+ Kg3 75. Rc4 Ra2 76. Kd1
Kf3 77. Rc2 Ra4 78. Kd2 Rd4+ 79. Kc3 Rd7 80. Rd2 Rc7+ 81. Kd4 Kg4 82. Ke5 Rc5+
83. Rd5 Rc6 84. Rd4+ Kg3 85. Kf5 Rc8 86. Rd3+ Kg2 87. Kg6 1-0

[Event "NB II. Erkel csoport"]
[Site "Budapest"]
[Date "2024.04.07"]
[Round "7.5"]
[White "Fecske, Csaba"]
[Black "Horvath, Antal Jr"]
[Result "0-1"]
[WhiteElo "1969"]
[BlackElo "2038"]
[PlyCount "134"]
[EventDate "2023.10.08"]
[EventType "team-tourn"]
[EventRounds "9"]
[EventCountry "HUN"]
[Source "chess.hu"]
[WhiteTeam "Godolloi SBE"]
[BlackTeam "HUSI SC"]
[WhiteTeamCountry "HUN"]
[BlackTeamCountry "HUN"]

1. d4 Nf6 2. Bf4 g6 3. Nf3 Bg7 4. e3 c5 5. c3 cxd4 6. exd4 O-O 7. Be2 d6 8. h3
Nbd7 9. Bh2 b6 10. O-O Bb7 11. a4 Re8 12. Na3 a6 13. Nc4 b5 14. axb5 axb5 15.
Ne3 Rxa1 16. Qxa1 b4 17. cxb4 Nd5 18. Qa5 N7b6 19. Bb5 Rf8 20. Rc1 Bh6 21. Nxd5
Bxd5 22. Rc3 Bxf3 23. Rxf3 Bg7 24. Rd3 Qc7 25. Rc3 Qb8 26. Rd3 Qb7 27. Ba6 Qe4
28. Bf4 Nd5 29. Bd2 Bxd4 30. Bc4 Nf4 31. Bxf4 Bxf2+ 32. Kxf2 Qxf4+ 33. Rf3 Qxc4
34. Rc3 Qd4+ 35. Ke2 Qe4+ 36. Kf2 Ra8 37. Qg5 Qxb4 38. Qd2 Qb6+ 39. Kg3 Ra2 40.
Rc8+ Kg7 41. Qc3+ e5 42. Rc6 Qxb2 43. Qxb2 Rxb2 44. Rxd6 h5 45. h4 Rb4 46. Kh3
f5 47. Re6 Rb5 48. Kg3 Kf7 49. Ra6 Rb7 50. Kf3 Re7 51. g3 Re6 52. Ra7+ Kf6 53.
Ra8 Rb6 54. Rc8 Ke6 55. Rd8 Rb3+ 56. Kf2 f4 57. gxf4 exf4 58. Rf8 Ke5 59. Re8+
Kf5 60. Rf8+ Kg4 61. Rf6 Rb2+ 62. Kg1 g5 63. hxg5 Kg3 64. Kf1 f3 65. Ke1 f2+
66. Kf1 Rb1+ 67. Ke2 Re1+ 0-1

[Event "NB II. Erkel csoport"]
[Site "Budapest"]
[Date "2024.04.07"]
[Round "7.6"]
[White "Vitalyos, Marton"]
[Black "Papp, Lorinc"]
[Result "1-0"]
[WhiteElo "2037"]
[BlackElo "1886"]
[PlyCount "65"]
[EventDate "2023.10.08"]
[EventType "team-tourn"]
[EventRounds "9"]
[EventCountry "HUN"]
[Source "chess.hu"]
[WhiteTeam "HUSI SC"]
[BlackTeam "Godolloi SBE"]
[WhiteTeamCountry "HUN"]
[BlackTeamCountry "HUN"]

1. c4 Nf6 2. Nf3 e6 3. g3 d5 4. cxd5 exd5 5. Bg2 c6 6. O-O Bd6 7. b3 O-O 8. Bb2
h6 9. d3 Bf5 10. Nbd2 Re8 11. Re1 Bc5 12. e4 dxe4 13. Nxe4 Bxe4 14. dxe4 Qb6
15. Qc2 Nbd7 16. Bh3 Re7 17. Rad1 Rae8 18. e5 Nd5 19. a3 Qb5 20. Bf1 Qb6 21. b4
Nxb4 22. axb4 Bxb4 23. Re4 a5 24. Rg4 Nf8 25. Nd4 Ne6 26. Nf5 Rc7 27. Nxh6+ Kf8
28. Nf5 Bc5 29. Rh4 Kg8 30. Nd6 Rd8 31. Qh7+ Kf8 32. Qh8+ Ke7 33. Nf5# 1-0

[Event "NB II. Erkel csoport"]
[Site "Budapest"]
[Date "2024.04.07"]
[Round "7.7"]
[White "Nagy, Daniel"]
[Black "Tegzes, Laszlo"]
[Result "1-0"]
[WhiteElo "1848"]
[BlackElo "1996"]
[PlyCount "81"]
[EventDate "2023.10.08"]
[EventType "team-tourn"]
[EventRounds "9"]
[EventCountry "HUN"]
[Source "chess.hu"]
[WhiteTeam "Godolloi SBE"]
[BlackTeam "HUSI SC"]
[WhiteTeamCountry "HUN"]
[BlackTeamCountry "HUN"]

1. Nf3 Nf6 2. c4 g6 3. Nc3 Bg7 4. d4 d6 5. e4 O-O 6. Bg5 h6 7. Bh4 c5 8. Be2
cxd4 9. Nxd4 Nc6 10. Nc2 Be6 11. Qd2 Rc8 12. O-O Ne5 13. b3 g5 14. Bg3 Ng6 15.
Nd4 Qd7 16. f4 gxf4 17. Bxf4 Nxf4 18. Rxf4 Qc7 19. Na4 Bd7 20. Nf5 Bxf5 21.
exf5 b5 22. cxb5 d5 23. Rd1 Rfd8 24. b4 Ne4 25. Qe3 Qc2 26. Nc5 Nxc5 27. Rc1 d4
28. Rxc2 dxe3 29. bxc5 Rd2 30. Rxd2 exd2 31. c6 Be5 32. Re4 f6 33. Kf1 Rd8 34.
Bd1 Rb8 35. a4 a6 36. Rb4 axb5 37. axb5 Rb6 38. Ke2 Bxh2 39. Bb3+ Kg7 40. g3
Bg1 41. c7 1-0

[Event "NB II. Erkel csoport"]
[Site "Budapest"]
[Date "2024.04.07"]
[Round "7.8"]
[White "Smaraglay, Botond"]
[Black "Zamodics, Ferenc"]
[Result "1/2-1/2"]
[WhiteElo "1993"]
[BlackElo "1856"]
[PlyCount "36"]
[EventDate "2023.10.08"]
[EventType "team-tourn"]
[EventRounds "9"]
[EventCountry "HUN"]
[Source "chess.hu"]
[WhiteTeam "HUSI SC"]
[BlackTeam "Godolloi SBE"]
[WhiteTeamCountry "HUN"]
[BlackTeamCountry "HUN"]

1. c4 c5 2. Nc3 Nc6 3. Nf3 Nf6 4. d4 cxd4 5. Nxd4 e6 6. a3 a6 7. e4 d5 8. cxd5
exd5 9. exd5 Nxd5 10. Nxc6 bxc6 11. Nxd5 Qxd5 12. Qxd5 cxd5 13. Be3 Bd6 14. Bd4
O-O 15. Bd3 Re8+ 16. Kd2 Bf4+ 17. Be3 Be5 18. Rab1 d4 1/2-1/2

[Event "NB II. Erkel csoport"]
[Site "Budapest"]
[Date "2024.04.07"]
[Round "7.9"]
[White "Torocsik, Jozsef"]
[Black "Biro, Laszlo"]
[Result "0-1"]
[WhiteElo "1841"]
[BlackElo "1967"]
[PlyCount "106"]
[EventDate "2023.10.08"]
[EventType "team-tourn"]
[EventRounds "9"]
[EventCountry "HUN"]
[Source "chess.hu"]
[WhiteTeam "Godolloi SBE"]
[BlackTeam "HUSI SC"]
[WhiteTeamCountry "HUN"]
[BlackTeamCountry "HUN"]

1. d4 Nf6 2. Nf3 e6 3. Nc3 d5 4. Bg5 Be7 5. e3 Nbd7 6. Bd3 h6 7. Bf4 Nh5 8. Ne5
Nxf4 9. exf4 Nxe5 10. fxe5 c5 11. O-O cxd4 12. Bb5+ Bd7 13. Qxd4 Bxb5 14. Nxb5
a6 15. Nc3 O-O 16. Ne2 Rc8 17. c3 Rc4 18. Qd3 Re4 19. f4 Qb6+ 20. Kh1 Qxb2 21.
Ng3 Rc4 22. Ne2 Qa3 23. Rfb1 b5 24. Rb3 Qc5 25. Rf1 Rc8 26. a3 f5 27. h3 Bd8
28. g4 fxg4 29. hxg4 Re4 30. Rf3 Qc4 31. Qxc4 dxc4 32. Rb2 Bb6 33. Kg2 Rd8 34.
Ng3 Re3 35. a4 Rxf3 36. Kxf3 Rd3+ 37. Kg2 Rxc3 38. axb5 Rb3 39. Rxb3 cxb3 40.
Ne4 a5 41. Nc3 b2 42. Kf3 Kf7 43. Ke4 Ke7 44. Kd3 a4 45. Kc2 a3 46. Na4 Be3 47.
f5 exf5 48. gxf5 h5 49. Nc3 Bd4 50. Nd5+ Kd8 51. Nb4 a2 52. Nxa2 Bxe5 53. Nb4
Kc7 0-1

[Event "NB II. Erkel csoport"]
[Site "Budapest"]
[Date "2024.04.07"]
[Round "7.10"]
[White "Szentgyorgyi, Sandor"]
[Black "Molnar, Laszlo"]
[Result "1-0"]
[WhiteElo "1833"]
[BlackElo "1736"]
[PlyCount "53"]
[EventDate "2023.10.08"]
[EventType "team-tourn"]
[EventRounds "9"]
[EventCountry "HUN"]
[Source "chess.hu"]
[WhiteTeam "HUSI SC"]
[BlackTeam "Godolloi SBE"]
[WhiteTeamCountry "HUN"]
[BlackTeamCountry "HUN"]

1. e4 Nf6 2. d3 d5 3. Nd2 e6 4. Ngf3 Be7 5. g3 c5 6. Bg2 Nc6 7. O-O O-O 8. e5
Nd7 9. Re1 Qc7 10. Qe2 Nb6 11. Nf1 Nd4 12. Nxd4 cxd4 13. h4 Bd7 14. Bf4 Rac8
15. Rac1 Na4 16. Bxd5 Rfd8 17. Be4 Bc6 18. Nd2 Nc5 19. Qg4 Nxe4 20. Nxe4 Bxe4
21. Rxe4 Qb6 22. Bh6 Bf8 23. Qg5 g6 24. h5 Bxh6 25. Qxh6 Qc5 26. Rh4 Qf8 27.
hxg6 1-0

[Event "NB II. Erkel csoport"]
[Site "Budapest"]
[Date "2024.04.07"]
[Round "7.11"]
[White "Nagy, Adrian"]
[Black "Hugyecz, Barnabas"]
[Result "0-1"]
[WhiteElo "1722"]
[BlackElo "1826"]
[PlyCount "54"]
[EventDate "2023.10.08"]
[EventType "team-tourn"]
[EventRounds "9"]
[EventCountry "HUN"]
[Source "chess.hu"]
[WhiteTeam "Godolloi SBE"]
[BlackTeam "HUSI SC"]
[WhiteTeamCountry "HUN"]
[BlackTeamCountry "HUN"]

1. d4 d5 2. Bf4 Nf6 3. e3 c5 4. Nf3 cxd4 5. exd4 Nc6 6. Be2 Qb6 7. b3 Bg4 8. c3
g6 9. Nbd2 Bg7 10. Rc1 Qa5 11. a4 Ne4 12. b4 Qd8 13. Nb3 a6 14. O-O O-O 15.
Nfd2 Bxe2 16. Qxe2 Nxd2 17. Qxd2 f6 18. Nc5 e5 19. Bh6 Bxh6 20. Qxh6 Qe7 21.
Rfe1 b6 22. Nb3 e4 23. f3 f5 24. Re3 f4 25. Re2 Rf5 26. Qh3 Rh5 27. Qg4 Rh4 0-1

[Event "NB II. Erkel csoport"]
[Site "Budapest"]
[Date "2024.04.07"]
[Round "7.12"]
[White "Mohacsy, Zsombor"]
[Black "Haaz, Gabor Istvan"]
[Result "1-0"]
[WhiteElo "1756"]
[BlackElo "1642"]
[PlyCount "63"]
[EventDate "2023.10.08"]
[EventType "team-tourn"]
[EventRounds "9"]
[EventCountry "HUN"]
[Source "chess.hu"]
[WhiteTeam "HUSI SC"]
[BlackTeam "Godolloi SBE"]
[WhiteTeamCountry "HUN"]
[BlackTeamCountry "HUN"]

1. d4 d5 2. Bf4 Nf6 3. e3 Bf5 4. c3 e6 5. h3 Bd6 6. Bxd6 Qxd6 7. Nf3 h6 8. Bd3
Bxd3 9. Qxd3 Nbd7 10. Nbd2 Rc8 11. O-O O-O 12. e4 dxe4 13. Nxe4 Nxe4 14. Qxe4
c6 15. Ne5 Nxe5 16. Qxe5 Qxe5 17. dxe5 g5 18. Rad1 Rcd8 19. c4 Kg7 20. Rd6 Rxd6
21. exd6 Rd8 22. c5 Kf6 23. f4 Kg6 24. b4 f5 25. g4 Rd7 26. gxf5+ exf5 27. a4
b6 28. fxg5 hxg5 29. Rd1 Kf7 30. b5 bxc5 31. bxc6 Rd8 32. c7 1-0

[Event "NB II. Erkel csoport"]
[Site "Budapest"]
[Date "2024.04.07"]
[Round "7.1"]
[White "Miszler, Levente"]
[Black "Dencsi, Tibor"]
[Result "1-0"]
[WhiteElo "2273"]
[BlackElo "2271"]
[PlyCount "69"]
[EventDate "2023.10.08"]
[EventType "team-tourn"]
[EventRounds "9"]
[EventCountry "HUN"]
[Source "chess.hu"]
[WhiteTeam "EUTender-Sinus-SDSE"]
[BlackTeam "Vizugyi SC"]
[WhiteTeamCountry "HUN"]
[BlackTeamCountry "HUN"]

1. d4 Nf6 2. c4 g6 3. Nc3 Bg7 4. e4 d6 5. h3 O-O 6. Be3 c6 7. g4 e5 8. d5 cxd5
9. cxd5 Na6 10. Nge2 b5 11. Ng3 b4 12. Na4 Qa5 13. b3 Bd7 14. Nb2 Nc5 15. Nc4
Qc7 16. Qc2 Rfc8 17. Rc1 Bf8 18. f3 a5 19. h4 a4 20. h5 axb3 21. axb3 Qa7 22.
hxg6 fxg6 23. g5 Nh5 24. Nxh5 gxh5 25. Rxh5 Qa2 26. Qxa2 Rxa2 27. Nb6 Rd8 28.
Bxc5 dxc5 29. Bh3 Be8 30. Be6+ Kg7 31. Rh3 Kg6 32. Nc4 Kxg5 33. Nxe5 Kf4 34.
Nd3+ Ke3 35. f4+ 1-0

[Event "NB II. Erkel csoport"]
[Site "Budapest"]
[Date "2024.04.07"]
[Round "7.2"]
[White "Mika, Janos"]
[Black "Szieberth, Adam"]
[Result "1/2-1/2"]
[WhiteElo "2103"]
[BlackElo "2259"]
[PlyCount "24"]
[EventDate "2023.10.08"]
[EventType "team-tourn"]
[EventRounds "9"]
[EventCountry "HUN"]
[Source "chess.hu"]
[WhiteTeam "Vizugyi SC"]
[BlackTeam "EUTender-Sinus-SDSE"]
[WhiteTeamCountry "HUN"]
[BlackTeamCountry "HUN"]

1. e4 c5 2. Nf3 e6 3. d3 Nc6 4. g3 d5 5. Nbd2 Nf6 6. Bg2 Be7 7. O-O dxe4 8.
dxe4 e5 9. b3 Bg4 10. h3 Bh5 11. Bb2 Qc7 12. c3 O-O 1/2-1/2

[Event "NB II. Erkel csoport"]
[Site "Budapest"]
[Date "2024.04.07"]
[Round "7.3"]
[White "Lehmann, Zoltan"]
[Black "Tomosvary, Attila"]
[Result "1/2-1/2"]
[WhiteElo "2268"]
[BlackElo "2126"]
[PlyCount "36"]
[EventDate "2023.10.08"]
[EventType "team-tourn"]
[EventRounds "9"]
[EventCountry "HUN"]
[Source "chess.hu"]
[WhiteTeam "EUTender-Sinus-SDSE"]
[BlackTeam "Vizugyi SC"]
[WhiteTeamCountry "HUN"]
[BlackTeamCountry "HUN"]

1. d4 g6 2. c4 Bg7 3. Nc3 c5 4. d5 d6 5. e4 Nf6 6. f3 Na6 7. Bg5 Nc7 8. Qd2 a6
9. a4 Rb8 10. a5 b5 11. axb6 Rxb6 12. Na4 Rb8 13. e5 dxe5 14. Nxc5 Qd6 15. Ne4
Nxe4 16. fxe4 f5 17. Ne2 Qb4 18. Nc3 Qxb2 1/2-1/2

[Event "NB II. Erkel csoport"]
[Site "Budapest"]
[Date "2024.04.07"]
[Round "7.5"]
[White "Pasztor, Ferenc"]
[Black "Kulcsar, Tamas"]
[Result "1-0"]
[WhiteElo "2083"]
[BlackElo "1991"]
[PlyCount "67"]
[EventDate "2023.10.08"]
[EventType "team-tourn"]
[EventRounds "9"]
[EventCountry "HUN"]
[Source "chess.hu"]
[WhiteTeam "EUTender-Sinus-SDSE"]
[BlackTeam "Vizugyi SC"]
[WhiteTeamCountry "HUN"]
[BlackTeamCountry "HUN"]

1. d4 Nf6 2. c4 g6 3. Nc3 Bg7 4. e4 d6 5. Be2 O-O 6. Be3 Nbd7 7. g4 e5 8. g5
Ne8 9. d5 f6 10. h4 Rf7 11. Nh3 Nf8 12. gxf6 Bxf6 13. Ng5 Rg7 14. Bg4 h6 15.
Bxc8 Rxc8 16. Nf3 g5 17. hxg5 hxg5 18. Qd2 g4 19. Nh2 g3 20. fxg3 Rxg3 21. Nf3
Ng7 22. Qf2 Rg4 23. Rg1 Qd7 24. Kd2 Nh7 25. Qh2 Rf8 26. Qh3 Rxg1 27. Qxd7 Rxa1
28. Qxc7 Bd8 29. Qxd6 Rf1 30. Nxe5 Ba5 31. c5 Nf6 32. Kd3 Nfe8 33. Qe7 R1f6 34.
Bd4 1-0

[Event "NB II. Erkel csoport"]
[Site "Budapest"]
[Date "2024.04.07"]
[Round "7.6"]
[White "Balint, Laszlo Dr"]
[Black "Vasyliv, Stanislav"]
[Result "0-1"]
[WhiteElo "1896"]
[BlackElo "2162"]
[PlyCount "106"]
[EventDate "2023.10.08"]
[EventType "team-tourn"]
[EventRounds "9"]
[EventCountry "HUN"]
[Source "chess.hu"]
[WhiteTeam "Vizugyi SC"]
[BlackTeam "EUTender-Sinus-SDSE"]
[WhiteTeamCountry "HUN"]
[BlackTeamCountry "HUN"]

1. d4 Nf6 2. c4 c5 3. d5 e6 4. Nc3 exd5 5. cxd5 d6 6. Nf3 g6 7. e4 Bg7 8. Be2
O-O 9. Nd2 Re8 10. O-O Nbd7 11. h3 a6 12. a4 Rb8 13. Qc2 Qc7 14. Ra3 g5 15. f4
gxf4 16. Rxf4 Ne5 17. Rf1 Ng6 18. Nf3 Nd7 19. Nd1 b5 20. axb5 axb5 21. b3 Nde5
22. Nxe5 Bxe5 23. Bg5 Bd7 24. Kh1 Ra8 25. Rxa8 Rxa8 26. Ne3 Qa5 27. Bg4 Be8 28.
Qf2 Qa2 29. Qxa2 Rxa2 30. Rb1 b4 31. Nc4 Bb5 32. Bd1 Bxc4 33. bxc4 Kg7 34. Kg1
Bd4+ 35. Kh1 h6 36. Bd8 Nf4 37. Bf3 Rc2 38. Kh2 Rxc4 39. Kg3 Be5 40. Kg4 Rc2
41. Kf5 Nd3 42. Bh4 c4 43. g4 b3 44. g5 hxg5 45. Bxg5 Rf2 46. Kg4 Bf6 47. Be3
Ne5+ 48. Kh5 Rxf3 49. Bh6+ Kh7 50. h4 Rf2 51. Be3 Rh2 52. Bg5 Bxg5 53. Kxg5 b2
0-1

[Event "NB II. Erkel csoport"]
[Site "Budapest"]
[Date "2024.04.07"]
[Round "7.7"]
[White "Szabo, A. Martin"]
[Black "D Albini, Geza"]
[Result "1-0"]
[WhiteElo "1891"]
[BlackElo "1826"]
[PlyCount "41"]
[EventDate "2023.10.08"]
[EventType "team-tourn"]
[EventRounds "9"]
[EventCountry "HUN"]
[Source "chess.hu"]
[WhiteTeam "EUTender-Sinus-SDSE"]
[BlackTeam "Vizugyi SC"]
[WhiteTeamCountry "HUN"]
[BlackTeamCountry "HUN"]

1. d4 d6 2. Nc3 Nf6 3. Bg5 Nbd7 4. e4 c6 5. f3 e5 6. Nge2 Be7 7. Qd2 Qc7 8.
O-O-O O-O 9. g4 b5 10. Ng3 exd4 11. Qxd4 Ne5 12. Be2 Be6 13. f4 Nexg4 14. h3 b4
15. Nb1 Qb6 16. hxg4 Qxd4 17. Rxd4 c5 18. Rdd1 Nxg4 19. Bxe7 Nf2 20. Bxf8 Nxh1
21. Rxh1 1-0

[Event "NB II. Erkel csoport"]
[Site "Budapest"]
[Date "2024.04.07"]
[Round "7.8"]
[White "Russa, Roberto"]
[Black "Varaljai, Istvan"]
[Result "0-1"]
[WhiteElo "1886"]
[BlackElo "1938"]
[PlyCount "124"]
[EventDate "2023.10.08"]
[EventType "team-tourn"]
[EventRounds "9"]
[EventCountry "HUN"]
[Source "chess.hu"]
[WhiteTeam "Vizugyi SC"]
[BlackTeam "EUTender-Sinus-SDSE"]
[WhiteTeamCountry "HUN"]
[BlackTeamCountry "HUN"]

1. d4 d5 2. Bf4 Nf6 3. e3 e6 4. c4 Be7 5. Nd2 O-O 6. c5 b6 7. Nb3 a5 8. Bd3 a4
9. cxb6 cxb6 10. Nd2 Bd6 11. Ne2 Bb7 12. Rc1 a3 13. b3 Na6 14. Bxd6 Qxd6 15.
Bxa6 Bxa6 16. Qc2 Rac8 17. Qb1 Qb4 18. f3 h5 19. Nf4 Rxc1+ 20. Qxc1 g5 21. Ne2
Rc8 22. Qd1 Qb5 23. Nb1 Qxe2+ 24. Qxe2 Bxe2 25. Kxe2 Rc2+ 26. Nd2 Rxa2 27. Kd3
b5 28. b4 Nd7 29. g3 Nb6 30. Kc3 Rb2 31. Ra1 Na4+ 32. Kd3 a2 33. e4 Kg7 34. h4
Kg6 35. f4 gxh4 36. gxh4 dxe4+ 37. Nxe4 Kf5 38. Nd6+ Kxf4 39. Nxf7 Rb3+ 40. Kc2
Rxb4 41. Ng5 Ke3 42. Rxa2 Rc4+ 43. Kb3 Rxd4 44. Rh2 Nc5+ 45. Kc2 e5 46. Rh3+
Kf4 47. Rf3+ Kg4 48. Rf8 e4 49. Rc8 Rc4+ 50. Kd1 b4 51. Nf7 Kxh4 52. Ne5 Rc3
53. Rg8 b3 54. Ng6+ Kg5 55. Ne7+ Kh6 56. Nf5+ Kh7 57. Rb8 Kg6 58. Ne7+ Kg5 59.
Rg8+ Kh4 60. Ke2 b2 61. Nf5+ Kh3 62. Rb8 Rb3 0-1

[Event "NB II. Erkel csoport"]
[Site "Budapest"]
[Date "2024.04.07"]
[Round "7.9"]
[White "Csajbok, Levente Tamas"]
[Black "Ramadan, Erik"]
[Result "1-0"]
[WhiteElo "1925"]
[BlackElo "1720"]
[PlyCount "47"]
[EventDate "2023.10.08"]
[EventType "team-tourn"]
[EventRounds "9"]
[EventCountry "HUN"]
[Source "chess.hu"]
[WhiteTeam "EUTender-Sinus-SDSE"]
[BlackTeam "Vizugyi SC"]
[WhiteTeamCountry "HUN"]
[BlackTeamCountry "HUN"]

1. e4 e6 2. d4 d5 3. Nc3 Bb4 4. e5 c5 5. a3 cxd4 6. Qxd4 Nc6 7. Bb5 Bxc3+ 8.
Qxc3 Bd7 9. Bxc6 Bxc6 10. Qg3 g6 11. Bg5 Qb6 12. O-O-O Rc8 13. Qh4 Qc7 14. Nf3
d4 15. Nxd4 Qxe5 16. Nxc6 bxc6 17. Rhe1 Qc5 18. Rd3 h6 19. Bd2 Ne7 20. Bc3 Nf5
21. Qf6 Rg8 22. Bb4 Qxf2 23. Rxe6+ fxe6 24. Qxe6+ 1-0

[Event "NB II. Erkel csoport"]
[Site "Budapest"]
[Date "2024.04.07"]
[Round "7.10"]
[White "Lestyak, Barnabas"]
[Black "Kertesz, Aron Borsa"]
[Result "0-1"]
[WhiteElo "1647"]
[BlackElo "1915"]
[PlyCount "56"]
[EventDate "2023.10.08"]
[EventType "team-tourn"]
[EventRounds "9"]
[EventCountry "HUN"]
[Source "chess.hu"]
[WhiteTeam "Vizugyi SC"]
[BlackTeam "EUTender-Sinus-SDSE"]
[WhiteTeamCountry "HUN"]
[BlackTeamCountry "HUN"]

1. e4 c5 2. Nf3 d6 3. c3 Nf6 4. Bb5+ Bd7 5. Bxd7+ Qxd7 6. d3 g6 7. O-O Nc6 8.
Re1 e5 9. Bg5 Bg7 10. Nbd2 O-O 11. a3 h6 12. Bxf6 Bxf6 13. b4 Bg7 14. bxc5 dxc5
15. Nb3 b6 16. Nc1 Rad8 17. Qc2 f5 18. Qe2 f4 19. Rd1 g5 20. h3 Rf6 21. c4 Rg6
22. Nh2 Nd4 23. Qh5 Rd6 24. Ra2 b5 25. Rad2 bxc4 26. dxc4 f3 27. Nxf3 Nxf3+ 28.
Qxf3 Rxd2 0-1

[Event "NB II. Erkel csoport"]
[Site "Budapest"]
[Date "2024.04.07"]
[Round "7.12"]
[White "Dobos-Ordas, Ivan"]
[Black "Benko, Csanad Botond"]
[Result "0-1"]
[WhiteElo "1502"]
[BlackElo "1793"]
[PlyCount "72"]
[EventDate "2023.10.08"]
[EventType "team-tourn"]
[EventRounds "9"]
[EventCountry "HUN"]
[Source "chess.hu"]
[WhiteTeam "Vizugyi SC"]
[BlackTeam "EUTender-Sinus-SDSE"]
[WhiteTeamCountry "HUN"]
[BlackTeamCountry "HUN"]

1. e4 e5 2. Nf3 Nc6 3. Bc4 Nf6 4. d3 Bc5 5. Bg5 h6 6. Bh4 g5 7. Bg3 d6 8. h3
Nh5 9. Nxe5 Nxg3 10. Nxf7 Qf6 11. Qf3 Qxf3 12. gxf3 Nxh1 13. Nxh8 Bd4 14. c3
Bxh8 15. Kf1 Bxh3+ 16. Kg1 Ne5 17. Nd2 Nxc4 18. Nxc4 Nxf2 19. Kxf2 O-O-O 20. d4
d5 21. Nd2 dxe4 22. fxe4 c5 23. d5 Be5 24. Ke2 b5 25. Rc1 Rf8 26. b4 Bg4+ 27.
Ke3 c4 28. a3 Bf4+ 29. Kd4 Bxd2 30. Rc2 Rf2 31. Rxd2 Rxd2+ 32. Kc5 Re2 33. Kxb5
Rxe4 34. Kc6 h5 35. d6 Re5 36. b5 Bd7# 0-1

[Event "NB II. Erkel csoport"]
[Site "Dunaharaszti"]
[Date "2024.04.21"]
[Round "8.1"]
[White "Miszler, Levente"]
[Black "Lorand, Norbert"]
[Result "1/2-1/2"]
[WhiteElo "2273"]
[BlackElo "2250"]
[PlyCount "26"]
[EventDate "2023.10.08"]
[EventType "team-tourn"]
[EventRounds "9"]
[EventCountry "HUN"]
[Source "chess.hu"]
[WhiteTeam "EUTender-Sinus-SDSE"]
[BlackTeam "Dunaharaszti MTK II."]
[WhiteTeamCountry "HUN"]
[BlackTeamCountry "HUN"]

1. d4 Nf6 2. c4 g6 3. Nc3 d5 4. Nf3 Bg7 5. Bg5 Ne4 6. Bf4 Nxc3 7. bxc3 dxc4 8.
e3 O-O 9. Bxc4 c5 10. O-O Nc6 11. h3 Bf5 12. Qe2 cxd4 13. cxd4 Na5 1/2-1/2

[Event "NB II. Erkel csoport"]
[Site "Dunaharaszti"]
[Date "2024.04.21"]
[Round "8.2"]
[White "Vegh, Endre"]
[Black "Dudas, Janos"]
[Result "1/2-1/2"]
[WhiteElo "2160"]
[BlackElo "2332"]
[PlyCount "24"]
[EventDate "2023.10.08"]
[EventType "team-tourn"]
[EventRounds "9"]
[EventCountry "HUN"]
[Source "chess.hu"]
[WhiteTeam "Dunaharaszti MTK II."]
[BlackTeam "EUTender-Sinus-SDSE"]
[WhiteTeamCountry "HUN"]
[BlackTeamCountry "HUN"]

1. d4 d5 2. c4 e6 3. Nc3 Nf6 4. cxd5 exd5 5. Bg5 c6 6. Qc2 Be7 7. e3 O-O 8. Bd3
Nbd7 9. Nge2 Re8 10. O-O Nf8 11. f3 g6 12. Rad1 Ne6 1/2-1/2

[Event "NB II. Erkel csoport"]
[Site "Dunaharaszti"]
[Date "2024.04.21"]
[Round "8.3"]
[White "Szieberth, Adam"]
[Black "Baski, Barnabas"]
[Result "0-1"]
[WhiteElo "2259"]
[BlackElo "2146"]
[PlyCount "100"]
[EventDate "2023.10.08"]
[EventType "team-tourn"]
[EventRounds "9"]
[EventCountry "HUN"]
[Source "chess.hu"]
[WhiteTeam "EUTender-Sinus-SDSE"]
[BlackTeam "Dunaharaszti MTK II."]
[WhiteTeamCountry "HUN"]
[BlackTeamCountry "HUN"]

1. e4 e6 2. d4 d5 3. Nc3 Bb4 4. Bd3 c5 5. dxc5 dxe4 6. Bb5+ Bd7 7. Bd2 Nf6 8.
Bxd7+ Nbxd7 9. Qe2 Bxc5 10. Nh3 h6 11. Nxe4 Nxe4 12. Qxe4 O-O 13. O-O Nf6 14.
Qe2 Qb6 15. b4 Bd6 16. c4 Qc7 17. f4 Bxb4 18. Bxb4 Qb6+ 19. Kh1 Qxb4 20. Rab1
Qe7 21. g4 b6 22. g5 Qb7+ 23. Rf3 Qe4 24. Qxe4 Nxe4 25. gxh6 gxh6 26. f5 Kh7
27. Rf4 Nc5 28. Rg1 Rg8 29. fxe6 Rxg1+ 30. Nxg1 fxe6 31. Rf7+ Kg6 32. Rc7 e5
33. Kg2 Kf5 34. Kf3 Rd8 35. Rxa7 e4+ 36. Kf2 Nd3+ 37. Ke3 Ne5 38. Rc7 Rd1 39.
Kf2 e3+ 40. Kg2 Rd2+ 41. Kg3 e2 42. Nxe2 Rxe2 43. c5 bxc5 44. Rxc5 Rxa2 45. h3
Ra4 46. Rb5 h5 47. h4 Ra3+ 48. Kg2 Re3 49. Ra5 Kf4 50. Rb5 Rg3+ 0-1

[Event "NB II. Erkel csoport"]
[Site "Dunaharaszti"]
[Date "2024.04.21"]
[Round "8.4"]
[White "Markos, Adam"]
[Black "Lehmann, Zoltan"]
[Result "0-1"]
[WhiteElo "2091"]
[BlackElo "2268"]
[PlyCount "92"]
[EventDate "2023.10.08"]
[EventType "team-tourn"]
[EventRounds "9"]
[EventCountry "HUN"]
[Source "chess.hu"]
[WhiteTeam "Dunaharaszti MTK II."]
[BlackTeam "EUTender-Sinus-SDSE"]
[WhiteTeamCountry "HUN"]
[BlackTeamCountry "HUN"]

1. e4 e5 2. Nf3 Nc6 3. Bb5 a6 4. Ba4 Nf6 5. d3 Bc5 6. O-O b5 7. Bb3 O-O 8. a4
Rb8 9. axb5 axb5 10. Be3 d6 11. Bxc5 dxc5 12. Nbd2 Qd6 13. Ra3 h6 14. Re1 g6
15. Nf1 Rd8 16. Qc1 Kg7 17. Ne3 c4 18. dxc4 b4 19. Ra1 Nxe4 20. Nd5 Nc5 21. Qe3
f6 22. h3 e4 23. Nh2 Bf5 24. Nf1 g5 25. g4 Bg6 26. Red1 Ne5 27. Ra7 Rd7 28. Qg3
c6 29. Rxd7+ Ncxd7 30. Nde3 Qe7 31. Nh2 Nc5 32. Nef1 Ne6 33. Qe3 c5 34. Nd2 Rd8
35. Re1 Rd4 36. Nhf1 Qd6 37. Kh1 Nf4 38. Ra1 Qd7 39. Ra5 Qc7 40. Ra1 h5 41.
gxh5 Nxh5 42. Nh2 Qd7 43. Ndf1 Nf4 44. h4 Nf3 45. hxg5 fxg5 46. Nxf3 Qh3+ 0-1